COURAGE MY COMPANION A CANDID AUTOBIOGRA (Record no. 15189)

MARC details
000 -LEADER
fixed length control field 00359nam a2200133Ia 4500
008 - FIXED-LENGTH DATA ELEMENTS--GENERAL INFORMATION
fixed length control field 240624s9999 xx 000 0 und d
041 ## - LANGUAGE CODE
Language code of text/sound track or separate title eng
082 ## - DEWEY DECIMAL CLASSIFICATION NUMBER
Classification number 920 RAJ
100 ## - MAIN ENTRY--PERSONAL NAME
Personal name RAJAN R V
245 ## - TITLE STATEMENT
Title COURAGE MY COMPANION A CANDID AUTOBIOGRA
260 ## - PUBLICATION, DISTRIBUTION, ETC.
Date of publication, distribution, etc. 2009
Place of publication, distribution, etc. Chennai
Name of publisher, distributor, etc. Productivity and Quality Publishing Pvt.Ltd.
300 ## - PHYSICAL DESCRIPTION
Extent 195 : p.
365 ## - TRADE PRICE
Currency code RS
Price amount 28
Holdings
Withdrawn status Lost status Damaged status Not for loan Home library Current library Shelving location Date acquired Source of acquisition Cost, normal purchase price Full call number Barcode Date last seen Copy number Price effective from Koha item type
        IMTN IMTN Rack 42-B 05/31/2010 BWE 295.00 920 RAJ 15189 06/24/2024 1 06/24/2024 Books
Designed & Maintained by: LRC IMT Nagpur Contact: lrc@imtnag.ac.in© 2024. All Rights Reserved.